000 00697nam a2200265Ia 4500
001 19926
005 20240113235952.0
007 ta
008 060216s1920 a g b000 u 465 u
040 _aCotton College,Assam
041 _a465
082 _a530.1
_bEi 68 P
100 _aEinstein, A..
245 0 _aThe Principle of Relativity /
_cA.Einstein & H.Minkowski.
_hTextual Documents
250 _a1st ed. /
260 _aCalcutta :
_bUniversity of Calcutta ,
_c1920.
300 _a186p. :
_bill ;
_c22cm .
653 _aPhysics
653 _aRelativity
653 _aG-Physics
700 _aMinkowski, H..
942 _2ddc
_cBK
999 _c19908
_d19908